Playwrights! - Statistics

General Stats
  • This quiz has been taken 4 times
  • The average score is 12 of 25
Answer Stats
Hint Answer % Correct
Death of a Salesman, The Crucible, All My Sons Arthur Miller
100%
The Importance of Being Earnest, An Ideal Husband, A Woman of No Importance Oscar Wilde
100%
A Streetcar Named Desire, The Glass Menagerie, Cat on a Hot Tin Roof Tennessee Wiliams
100%
Twelfth Night, Othello, Richard III William Shakspeare
100%
The Seagull, Three Sisters, Uncle Vanya Anton Chekhov
75%
Lysistrata, The Frogs, The Birds Aristophanes
75%
The Threepenny Opera (book & lyrics), Mother Courage and Her Children (co-written with Margarete Steffin), The Caucasian Chalk Circle Bertolt Brecht
75%
The Odd Couple, Plaza Suite, Brighton Beach Memoirs Neil Simon
75%
Waiting for Godot, Endgame, Happy Days Samuel Beckett
75%
Oedipus Rex, Antigone, Electra Sophocles
75%
The Thanksgiving Play, What Would Crazy Horse Do?, Cherokee Family Reunion Larissa FastHorse
50%
Bengal Tiger at the Baghdad Zoo, Gruesome Playground Injuries, King James Rajiv Joseph
50%
Fences, The Piano Lesson, Ma Rainey's Black Bottom August Wilson
25%
M. Butterfly, Soft Power, Yellowface David Henry Hwang
25%
Fuddy Meers, Rabbit Hole, Shrek: The Musical (book and lyrics) David Lindsay-Abaire
25%
Glengarry Glen Ross, Oleanna, American Buffalo David Mamet
25%
The Children's Hour, The Little Foxes, Another Part of the Forest Lillian Hellman
25%
A Raisin in the Sun, Les Blancs, The Sign in Sidney Brustein's Window Lorraine Hansberry
25%
Top Dog/Underdog, Venus, The America Play Suzan-Lori Parks
25%
The Heidi Chronicles, The Sisters Rosensweig, Uncommon Women and Others Wendy Wasserstein
25%
Appropriate, Purpose, An Octoroon Branden Jacobs-Jenkins
0%
Top Girls, Cloud 9, Mad Forest Caryl Churchill
0%
Sweat, Ruined, Intimate Apparel Lynn Nottage
0%
Fefu and Her Friends, Mud, Letters from Cuba María Irene Fornés
0%
How I Learned to Drive, Indecent, The Baltimore Waltz Paula Vogel
0%
No matching quizzes found
Score Distribution
Percent of People with Each Score
Percentile by Number Answered
Your Score History
You have not taken this quiz